000 01184cam a2200325 a 4500
999 _c502
_d502
001 15833750
003 OSt
005 20190819084143.0
008 090724s2010 mau j 000 1 eng
010 _a 2009026939
020 _a9780547550282
040 _aDLC
_cDLC
_dDLC
042 _alcac
082 0 0 _aFIC PFE
_222
100 1 _aPfeffer, Susan Beth,
_d1948-
_eauthor
245 1 0 _aThis world we live in /
_cSusan Beth Pfeffer.
260 _aBoston :
_bHarcourt,
_cc2015.
300 _a239 p. ;
_c18 cm.
440 _aLife as we knew it,
_n3;
490 _aLast survivors,
_v3
500 _aIncludes discussion questions.
520 _aWhen the moon's gravitational pull increases, causing massive natural disasters on earth, Miranda and her family struggle to survive in a world without cities or sunlight, and wonder if anyone else in still alive.
650 1 _aSurvival
_vFiction.
650 1 _aFamily life
_vFiction.
650 1 _aDiaries
_vFiction.
650 1 _aScience fiction.
906 _a7
_bcbc
_corignew
_d1
_eecip
_f20
_gy-gencatlg
942 _2ddc
_cFIC